Datum a čas kvízu

33.5 Celkem bodů Celkový počet nahraných bodů na tomto kvízu bez doplňovacích otázek.
5. Pořadí na kvízu Konečné umístění týmu na tomto kvízu.

Zaznamenané odpovědi

# Otázka Odpověď Body Výsledky
1. Ministr školství Robert Plaga... 26. června 1
2. Minulou středu odstartovala z... A 1
3. Jedna česká sportovkyně se v p... Petra Kvitová 1
4. Jistá firma v pondělí oznámila... Kit Kat 1
5. Který slavný sportovec minulý... Tiger Woods 0
6. Vítězné téma facebookového hla... 1D 2A 3C 4B 1
7. Ve Formuli 1 můžeme občas zazn... A 1
8. Nejvíce velkých cen, k sezóně... A 0
9. Které křestní jméno má mladší... Ralf 1
10. Ve kterém státě se nachází záv... v Japonsku 1